Jornadas de reflexión sobre la labor pedagógica. bahía blanca. 27 al 30 de junio de 1984 /
Guardado en:
| Otros Autores: | |
|---|---|
| Formato: | Libro |
| Publicado: |
Bah¡a Blanca :
Consejo de ense¤anza media y superior,
1984
|
| Materias: | |
| Etiquetas: |
Agregar Etiqueta
Sin Etiquetas, Sea el primero en etiquetar este registro!
|
| LEADER | 00727nam a22001935a 4500 | ||
|---|---|---|---|
| 001 | CEM.cems006873 | ||
| 005 | 20060214000000.0 | ||
| 008 | 130507s1984##################000#0#####d | ||
| 003 | CEMS | ||
| 082 | 0 | 4 | |a 370.9821 |
| 245 | 0 | 0 | |a Jornadas de reflexión sobre la labor pedagógica. bahía blanca. 27 al 30 de junio de 1984 / |
| 260 | |a Bah¡a Blanca : |b Consejo de ense¤anza media y superior, |c 1984 | ||
| 300 | |a 46 p. | ||
| 653 | |a Educacion | ||
| 653 | |a Jornadas | ||
| 653 | |a Labor pedagogica | ||
| 700 | 1 | |a Bahia Blanca Universidad Naciónal Del Sur Consejo De Enseñanza Media Y Superior | |
| 859 | |a CEMS |b BIB. CEMS - 11 de abril |h 370.9821 |i B147 |p 13327.85 |t Ej.1 | ||
| 859 | |a CEMS |b BIB. CEMS - 11 de abril |h 370.9821 |i B147 |p 13328.85 |t Ej.2 | ||
